|
|
|
|
| LEADER |
00000nam0a2200000 4500 |
| 001 |
343553 |
| 005 |
20231102005554.0 |
| 010 |
|
|
|a 9785534049930
|
| 035 |
|
|
|a (RuTPU)RU\TPU\book\373963
|
| 090 |
|
|
|a 343553
|
| 100 |
|
|
|a 20191010d2019 m y0rusy50 ca
|
| 101 |
0 |
|
|a rus
|
| 102 |
|
|
|a RU
|
| 105 |
|
|
|a a j 001zy
|
| 200 |
1 |
|
|a Новые конструкционные материалы на основе карбида кремния
|e учебное пособие для бакалавриата и магистратуры
|f А. П. Гаршин, В. М. Шумячер, О. И. Пушкарев
|
| 205 |
|
|
|a 2-е изд., испр. и доп.
|
| 210 |
|
|
|a Москва
|c Юрайт
|d 2019
|
| 215 |
|
|
|a 182 с.
|c ил.
|
| 225 |
1 |
|
|a Университеты России
|
| 320 |
|
|
|a Библиогр.: с. 170-182
|
| 330 |
|
|
|a В учебном пособии рассмотрены способы получения и контроля качества абразивов и материалов конструкционного назначения на основе карбида кремния. Описан карбид кремния как индивидуальное вещество. Приведены технологии производства технического карбида кремния и шлифматериалов. Рассмотрены огнеупоры и электронагреватели на основе карбида кремния. Даны методы мониторинга качества абразивных материалов при шлифовании. Данное пособие — хорошая база для изучения курса, освоения профессиональных навыков и подготовки к текущей и итоговой аттестации по дисциплине. Учебное пособие предназначено студентам высших учебных заведений, аспирантам и преподавателям, а также всем интересующимся.
|
| 606 |
1 |
|
|a Абразивные материалы
|x Производство
|2 stltpush
|3 (RuTPU)RU\TPU\subj\53
|9 29100
|
| 610 |
1 |
|
|a монокристаллы
|
| 610 |
1 |
|
|a технический карбид кремния
|
| 610 |
1 |
|
|a кварцевые пески
|
| 610 |
1 |
|
|a нефтяной кокс
|
| 610 |
1 |
|
|a подготовка
|
| 610 |
1 |
|
|a шихта
|
| 610 |
1 |
|
|a расчет
|
| 610 |
1 |
|
|a составление
|
| 610 |
1 |
|
|a кусковые материалы
|
| 610 |
1 |
|
|a шлифовальные материалы
|
| 610 |
1 |
|
|a получение
|
| 610 |
1 |
|
|a сырье
|
| 610 |
1 |
|
|a огнеупоры
|
| 610 |
1 |
|
|a электронагреватели
|
| 610 |
1 |
|
|a качество
|
| 610 |
1 |
|
|a мониторинг
|
| 610 |
1 |
|
|a учебные пособия
|
| 675 |
|
|
|a 621.921(075.8)
|v 4
|
| 700 |
|
1 |
|a Гаршин
|b А. П.
|g Анатолий Петрович
|
| 701 |
|
1 |
|a Шумячер
|b В. М.
|g Вячеслав Михайлович
|
| 701 |
|
1 |
|a Пушкарев
|b О. И.
|g Олег Иванович
|
| 801 |
|
1 |
|a RU
|b 63413507
|c 20191010
|
| 801 |
|
2 |
|a RU
|b 63413507
|c 20191120
|g RCR
|
| 942 |
|
|
|c BK
|
| 959 |
|
|
|a 14/20191009
|d 1
|e 416,23
|f ЧЗТЛ:1
|